00704nam a22002417a 450000500170000001000250001702000270004203500130006903500130008203700130009503700260010808200080013410000250014224500700016725000120023726000370024927000390028630000300032550000490035570000200040470000190042470000190044320190401124536.0 aB-713100 B-719518 a9780007583195c1195.00 aB-713100 aB-719518 bRK Books bAksharesh Enterprises a301 aHaralambos, Michael  aSociology themes and perspectives /cby Michael Haralambos et al. a8th ed. aLondon, UKbHarper Collinsc2018 aI London Bridge StreetbLondon, UK a1098p.:c25cm(pbk) bill. aIncludes bibliographical references & index  aHolborn, Martin aChapman, Steve aMoore, Stephen